Психологічні особливості розвитку соціальної перцепції майбутніх фахівців галузі масових комунікацій (Запис № 570860)

МАРК-запис
000 -Лідер
fixed length control field 03954nam a22002417a 4500
003 - Ідентифікатор контрольного номера
control field UA-OsUOA
005 - Дата та час останнього входження (трансакції)
control field 20210623121301.0
008 - Елементи даних фіксованої довжини – загальна інформація
fixed length control field 210623b un ||||| m||| 00| 0 ukr d
040 ## - Джерело каталогізації
Агенція оригінальної каталогізації UA-OsUOA
Мова каталогізації ukr
Агенція, яка здійснювала перезапис UA-OsUOA
Агенція, яка здійснювала модифікацію UA-OsUOA
041 ## - Код мови
Код мови тексту/ звукової доріжки чи окремого заголовка (П) ukr
080 ## - Індекс Універсальної десяткової класифікації
Індекс Універсальної десяткової класифікації (УДК) (НП) 159.937:316.346.2–057.4
090 ## - Локальний шифр розміщення
Класифікаційний індекс УДК 159.937:316.346.2–057.4
095 ## - Код спеціальності для авторефератів
Код спеціальності 19.00.07
Назва спеціальності педагогічна та вікова психологія
100 ## - Основне введення – ім’я особи
Ім’я особи (НП) Костюченко О. М.
245 ## - Відомості про назву
Назва (НП) Психологічні особливості розвитку соціальної перцепції майбутніх фахівців галузі масових комунікацій
Дані про відповідальність (НП) Костюченко Олексій Миколайович ; наук. керівник Засєкіна Лариса Володимирівна
260 ## - Публікація, розповсюдження і т.п. (Вихідні дані)
Місце публікації, розповсюдження і т.п. (П) Хмельницький
Дата публікації, розповсюдження і т.п. (П) 2012
300 ## - Фізичний опис
Обсяг 16 с.
502 ## - Примітка про дисертацію
Зв'язок Автореферат дисертації на здобуття наукового ступеня кандидата психологічних наук<br/>
Наймення інституції, що представляється Національна академія Державної прикордонної служби України імені Богдана Хмельницького
Рік отримання вченого ступеня 2012
520 ## - Резюме і т.п.
Резюме, реферат, анотація, тощо (НП) Дисертаційне дослідження присвячене проблемі розвитку соціальної перцепції як професійно важливої характеристики майбутніх фахівців масових комунікацій. Систематизовано та узагальнено сукупність поглядів на поняття соціальної перцепції. З урахуванням психологічної структури професійної діяльності фахівців масових комунікацій запропоновано авторську концептуальну модель соціальної перцепції вищезгаданих спеціалістів та встановлено її основні структурні компоненти.<br/>За результатами емпіричного дослідження проаналізовано особливості прояву соціальної перцепції фахівців масових комунікацій відповідно до стажу роботи, віку, статі, акме-періоду та аксіологічної сфери особистості. Встановлено значущі кореляційні зв’язки між показниками самосприйняття, міжособистісного та групового сприйняття спеціалістів масових комунікацій зі змістово-стильовими особливостями соціальної перцепції.<br/>На основі порівняння соціальної перцепції майбутніх спеціалістів-медійників та фахівців акме-періоду визначено психологічні особливості розвитку соціальної перцепції майбутніх фахівців галузі масових комунікацій, які полягають у створенні сприятливих психолого-педагогічних умов.<br/>Аналіз результатів створення психолого-педагогічних умов розвитку соціальної перцепції засвідчив їх ефективність та можливість широкого використання у вищих навчальних закладах, які готують фахівців галузі масових комунікацій.
650 ## - Додаткове предметне введення – тематичний термін
Джерело заголовка чи терміна UDC
Тематичний термін чи географічна назва, як елемент введення (НП) 159.9 Психологія
942 ## - Додаткові елементи входу (Коха)
Source of classification or shelving scheme Universal Decimal Classification
Тип елемента Koha Автореферат
955 ## - Код типу видання за змістом
Код типу видання за змістом (НП) Наукові видання

Немає доступних примірників.